banner-ar

الفكر العسكرى فى التاريخ القديم : (Record no. 65479)

MARC details
000 -الفاتح
حقل البيانات ثابتة الطول 00980nam a22002297a 4500
005 - وقت وتاريخ اخر تعامل مع التسجيلة
رقم الضبط 20240530110827.0
008 - عناصر البيانات ثابتة الطول - معلومات عامة
حقل البيانات ثابتة الطول 190806s2018 ua g b 000 0 ara d
017 ## - رقم الايداع القانونى
رقم الايداع القانونى 2018/24637
المصدر ( الهيئة المختصة) مصر. دار الكتب
040 ## - مصدر الفهرسة
وكالة الفهرسة الأصلية EG-CaGPL
وكالة النسخ EG-CaGPL
082 04 - رقم تصنيف ديوى العشرى
رقم الطبعة 21
رقم التصنيف 937.06/
رقم المادة ر ف
100 0# - المدخل الرئيسى - إسم شخصى
الإسم الشخصى رجب سلامة عمران
245 12 - بيان العنوان
العنوان الفكر العسكرى فى التاريخ القديم :
بقية العنوان التاريخ الرومانى نموذجا /
بيان المسئوليه,etc رجب سلامة عمران
250 ## - بيان الطبعة
بيان الطبعة ط.1
260 ## - PUBLICATION, DISTRIBUTION, ETC. (IMPRINT)
تاريخ النشر أو التوزيع 2018.
300 ## - الوصف المادى
التعداد 227 ص. ؛
أبعاد الوعاء 24 سم.
504 ## - تبصرة ببليوجرافية
تبصرة ببليوجرافية,الخ يشتمل على ارجاعات ببليوجرافية
651 07 - المدخل الاضافى بالموضوع - اسم جغرافى
مصدر الرأس أو المصطلح qrmak
الاسم الجغرافي الامبراطورية الرومانية
651 07 - المدخل الاضافى بالموضوع - اسم جغرافى
مصدر الرأس أو المصطلح qrmak
الاسم الجغرافي الامبراطورية الرومانية
التقسيم الفرعي العام تاريخ
653 #0 - مصطلح تكشيفى غير مقيد
مصطلح غير مقيد الامبراطورية الرومانية - الفكر العسكرى
942 ## - عناصر المدخل الإضافي( كوها)
مصدر التصنيف او مخطط الترفيف Dewey Decimal Classification
Koha [default] item type كتاب
260 ## - PUBLICATION, DISTRIBUTION, ETC. (IMPRINT)
-- القاهرة :
-- دار الكتاب الحديث،
Holdings
حالة التراجع حالة الفقد حالة تلف ليس للاعارة المكان المؤقت الموقع الحالى موقع الترفيف تاريخ الاكتساب اجمالي اﻻعارات رقم الطلب الباركود تاريخ اخر مشاهدة تاريخ تفعيل السعر نوع وعاء كوها
        مكتبة القاهرة الكبرى مكتبة القاهرة الكبرى القاعة الرئيسية 08/06/2019   937.06/ ر ف 166347 08/06/2019 08/06/2019 كتاب

Powered By

EGPV